000 00708nam a2200241Ia 4500
003 OSt
005 20220918205522.0
006 a|||||r|||| 00| 0
007 ta
008 220917b |||||||| |||| 00| 0 eng d
024 _a116,918
037 _cTextual
040 _aARTS
_cARTS
_beng
041 _2eng
_aeng
082 _aV63:25.N7, L8
100 _aBurchett Wilfred
_962569
245 0 _aSouthern Africa stands up
_b the revolutions in Angola, Mozamlique, Zimbabwe, Namibia and South Africa
260 _aNew York
_bUrizen Books
_c1978
300 _axxxviii,321p.
_ccm.
650 _aHISTORY
942 _hV63:25.N7, L8
_cTEXL
_2CC
999 _c240237
_d240237